[Event "Coupe Niveau 4"]
[Site "www.echecsemail.com"]
[Date "2026.01.03"]
[Round "1"]
[White "Alain64"]
[Black "Woluwe1975"]
[WhiteElo "2120"]
[BlackElo "1610"]
[Result "1-0"]
1.f4 d5
2.Ng1f3 Ng8f6
3.e3 Bc8g4
4.b3 Nb8d7
5.Bc1b2 e6
6.Bf1e2 Bg4xf3
7.Be2xf3 Bf8e7
8.O-O O-O
9.c4 c6
10.d4 Qd8c7
11.Nb1c3 Rf8e8
12.Ra1c1 Qc7b8
13.Qd1d2 Nf6e4
14.Nc3xe4 dxe4
15.Bf3xe4 f5
16.Be4f3 Be7f6
17.d5 Bf6xb2
18.Qd2xb2 exd5
19.cxd5 Qb8c7
20.dxc6 bxc6
21.Rc1xc6 Qc7a5
22.b4 Qa5d8
23.Rf1d1 Re8e7
24.Rc6d6 Ra8c8
25.Qb2d4 Rc8c7
26.e4 g6
27.e5 Qd8e8
28.Bf3d5 Kh8
29.e6 Nd7f6
30.Qd4xf6 { abandon }1-0

[Event "Défi"]
[Site "www.echecsemail.com"]
[Date "2026.01.03"]
[Round "1"]
[White "Claudius94"]
[Black "Augustin"]
[WhiteElo "1899"]
[BlackElo "1480"]
[Result "1-0"]
1.e4 e5
2.Ng1f3 Nb8c6
3.c3 Ng8f6
4.d3 d6
5.Bf1e2 Bc8e6
6.Nb1d2 Qd8d7
7.O-O O-O-O
8.Nf3g5 Bf8e7
9.Ng5xe6 Qd7xe6
10.Rf1e1 g6
11.Qd1c2 Nf6g4
12.Qc2d1 d5
13.exd5 Qe6xd5
14.Be2xg4 f5
15.Bg4f3 Qd5d6
16.Bf3e2 Qd6e6
17.Be2f1 h5
18.f4 e4
19.dxe4 fxe4
20.Bf1c4 Qe6f5
21.Re1xe4 Be7c5
22.Kh1 Bc5f2
23.Bc4e6 Qf5xe6
24.Re4xe6 Rd8e8
25.Qd1e2 Re8xe6
26.Qe2xe6 Kd8
27.Qe6f6 { abandon }1-0

[Event "Défi( 10J+24H/c 10J Max )"]
[Site "www.echecsemail.com"]
[Date "2026.01.03"]
[Round "1"]
[White "Katastrofic"]
[Black "Samjf"]
[WhiteElo "1410"]
[BlackElo "1380"]
[Result "1-0"]
1.e4 Nb8c6
2.a3 Ng8f6
3.Nb1c3 g6
4.h3 b6
5.Ng1f3 Bc8b7
6.Bf1b5 Nc6a5
7.b4 Na5c6
8.O-O Bf8h6
9.Bb5xc6 Bb7xc6
10.d3 O-O
11.Bc1xh6 Rf8e8
12.b5 Bc6b7
13.e5 Nf6d5
14.Nc3xd5 Bb7xd5
15.c4 Bd5xf3
16.Qd1xf3 Ra8b8
17.d4 c5
18.d5 Qd8c7
19.Rf1e1 d6
20.Bh6f4 Qc7d8
21.exd6 Rb8b7
22.Ra1a2 Qd8d7
23.dxe7 Re8xe7
24.Ra2e2 Qd7d8
25.Bf4g5 Qd8d6
26.Bg5xe7 Qd6b8
27.d6 Rb7d7
28.Qf3d5 Kg7
29.Qd5e5 f6
30.Qe5xf6 Kg8
31.Qf6e6 Kg7
32.Qe6xd7 Qb8a8
33.Be7g5 Kf8
34.Re2e8 Qa8xe8
35.Qd7xe8 Kg7
36.Re1e7 1-0

[Event "Eq:Les Gens du Sud-au plaisir du jeux  :"]
[Site "www.echecsemail.com"]
[Date "2026.01.03"]
[Round "1"]
[White "Chessgaston"]
[Black "Emmanuel69"]
[WhiteElo "2130"]
[BlackElo "1790"]
[Result "1-0"]
1.d4 d5
2.c4 c6
3.Ng1f3 dxc4
4.a4 Ng8f6
5.Nb1c3 e6
6.e3 Bf8e7
7.Bf1xc4 O-O
8.O-O Nb8d7
9.a5 a6
10.Bc4d3 Rf8e8
11.Nf3e5 h6
12.f4 Nf6d5
13.Qd1h5 Nd7xe5
14.fxe5 Re8f8
15.Rf1f3 Nd5xc3
16.bxc3 Be7g5
17.Bc1a3 Bg5e7
18.Ba3xe7 Qd8xe7
19.Rf3g3 f5
20.Qh5xh6 Bc8d7
21.h4 Bd7e8
22.h5 Ra8d8
23.Bd3c4 Be8d7
24.Ra1f1 Rf8f7
25.Rg3g5 Rd8f8
26.Rf1f3 f4
27.Bc4d3 { abandon }1-0

[Event "Défi"]
[Site "www.echecsemail.com"]
[Date "2026.01.03"]
[Round "1"]
[White "Tizi"]
[Black "Coincoin18"]
[WhiteElo "1770"]
[BlackElo "2650"]
[Result "0-1"]
1.c4 e5
2.g3 Ng8f6
3.Nb1c3 d5
4.cxd5 Nf6xd5
5.Bf1g2 Nd5b6
6.d3 Bf8e7
7.Ng1h3 Nb8c6
8.O-O O-O
9.f4 a5
10.fxe5 Nc6xe5
11.Bc1f4 Ne5g6
12.Bf4e3 c6
13.Nh3f4 Ng6xf4
14.Be3xf4 Bc8e6
15.Qd1d2 h6
16.h4 Qd8d7
17.Bg2e4 Ra8d8
18.b3 Be7b4
19.Ra1c1 Nb6d5
20.Qd2b2 Nd5xc3
21.Rc1xc3 Qd7d4
22.e3 Qd4xc3
23.Bf4e5 Qc3xb2
24.Be5xb2 f5
25.Be4f3 Rd8xd3
26.Bb2c1 Bb4d2
27.Bf3e2 Bd2xe3
28.Kh2 Rd3c3
29.Bc1xe3 Rc3xe3
30.Be2c4 Be6xc4
31.bxc4 g5
32.c5 gxh4
33.gxh4 f4
34.Rf1g1 Kh7
35.Rg1b1 Rf8f7
36.a4 f3
37.Kg1 f2
38.Kf1 Re3g3
39.Rb1xb7 Rg3g1
40.Ke2 f1Q
41.Ke3 Rg1g3
42.Ke4 Qf1f4
0-1

[Event "Défi( 10J+24H/c 10J Max )"]
[Site "www.echecsemail.com"]
[Date "2026.01.03"]
[Round "1"]
[White "Rescator"]
[Black "Vb83"]
[WhiteElo "1470"]
[BlackElo "1420"]
[Result "1-0"]
1.e4 e6
2.a3 d5
3.e5 Nb8c6
4.Bf1b5 a6
5.Bb5xc6 bxc6
6.d4 Ra8b8
7.Ng1f3 g6
8.Bc1g5 Qd8d7
9.O-O Rb8xb2
10.c3 h6
11.Bg5c1 Rb2b8
12.a4 a5
13.Rf1e1 f6
14.Nf3h4 Qd7g7
15.Nb1d2 g5
16.Nh4f3 f5
17.Bc1a3 Bf8xa3
18.Ra1xa3 Qg7e7
19.Ra3a1 g4
20.g3 gxf3
21.Nd2xf3 c5
22.h4 c4
23.Qd1d2 Rb8b3
24.Ra1b1 Qe7a3
25.Rb1a1 Qa3e7
26.Ra1b1 Rb3xb1
27.Re1xb1 Kd7
28.Qd2b2 Qe7d8
29.Qb2b5 Ke7
30.Qb5xa5 c5
31.Qa5xc5 Kf7
32.Qc5a7 Ng8e7
33.Rb1b8 f4
34.Kg2 Kg6
35.g4 Ne7c6
36.h5 1-0

[Event "Défi"]
[Site "www.echecsemail.com"]
[Date "2026.01.03"]
[Round "1"]
[White "Vvvv"]
[Black "Roschecx"]
[WhiteElo "1730"]
[BlackElo "1650"]
[Result "0-1"]
1.e4 c5
2.Ng1f3 d6
3.d4 cxd4
4.Nf3xd4 e6
5.Bf1b5 Bc8d7
6.Bb5xd7 Nb8xd7
7.O-O g6
8.Nb1d2 Bf8g7
9.Nd2f3 Ng8e7
10.Bc1g5 h6
11.Bg5h4 O-O
12.Qd1d2 Nd7f6
13.Qd2d3 a6
14.h3 e5
15.Nd4b3 g5
16.Bh4g3 Qd8c7
17.Ra1c1 b5
18.Rf1e1 Rf8d8
19.Re1e2 Ne7g6
20.Rc1d1 Nf6e8
21.Re2d2 Ra8b8
22.Qd3e2 f6
23.c3 Ng6e7
24.Qe2e3 Qc7b6
25.Rd2d3 h5
26.Qe3e2 h4
27.Bg3xh4 gxh4
28.Nf3xh4 a5
29.Qe2g4 a4
30.Qg4e6 Kf8
31.Rd3g3 d5
32.Qe6xb6 Rb8xb6
33.Nb3a5 Ne8c7
34.b4 Bg7h6
35.Rg3d3 Bh6f4
36.g3 Bf4h6
37.Rd3f3 Kf7
38.exd5 Ne7xd5
39.Rf3d3 Bh6g5
40.Nh4f3 Bg5h6
41.Nf3h2 e4
42.Rd3d4 f5
43.c4 bxc4
44.Na5xc4 Rb6xb4
45.a3 Rb4b3
46.Kg2 Ke6
47.g4 Nd5f4
48.Kf1 Rd8xd4
49.gxf5 Kxf5
50.Nc4e3 Rb3xe3
51.Rd1xd4 Re3xa3
52.f3 Ra3a1
{ abandon }0-1

[Event "Tournoi n27352"]
[Site "www.echecsemail.com"]
[Date "2026.01.03"]
[Round "1"]
[White "Jlr"]
[Black "Fouvolant"]
[WhiteElo "1350"]
[BlackElo "1380"]
[Result "1-0"]
1.e4 d5
2.exd5 Qd8xd5
3.Nb1c3 Qd5a5
4.Bf1b5 c6
5.Qd1h5 Ng8f6
6.Qh5e2 cxb5
7.Nc3xb5 Bc8d7
8.c4 Nb8c6
9.a4 a6
10.Nb5d6 { abandon }1-0

[Event "Tournoi n27361"]
[Site "www.echecsemail.com"]
[Date "2026.01.03"]
[Round "1"]
[White "Patau"]
[Black "Tiounet"]
[WhiteElo "1690"]
[BlackElo "1670"]
[Result "0-1"]
1.e4 a6
2.d4 b5
3.c4 bxc4
4.Bf1xc4 e6
5.d5 Bc8b7
6.Ng1f3 exd5
7.Bc4xd5 c6
8.Bd5b3 Ng8f6
9.e5 Nf6d5
10.O-O g6
11.Nb1c3 Nd5xc3
12.bxc3 Bf8g7
13.Bc1b2 O-O
14.Qd1d6 a5
15.Rf1e1 Nb8a6
16.c4 Na6c7
17.c5 Nc7b5
18.Qd6d3 Rf8e8
19.Ra1d1 Bb7a6
20.Bb3c4 Qd8b8
21.Qd3xd7 Re8f8
22.Rd1d2 Bg7h6
23.Rd2d3 Nb5c7
24.Bc4xa6 Nc7e6
25.Qd7xc6 Qb8xb2
26.Ba6c4 Ne6f4
27.Rd3d7 Bh6g7
28.e6 Nf4xe6
29.Bc4xe6 fxe6
30.Qc6xe6 Kh8
31.c6 Ra8c8
32.c7 Qb2c3
33.Nf3e5 Qc3xe1
0-1

[Event "Défi"]
[Site "www.echecsemail.com"]
[Date "2026.01.03"]
[Round "1"]
[White "Solnic"]
[Black "Kerenor"]
[WhiteElo "1310"]
[BlackElo "1590"]
[Result "0-1"]
1.d4 d5
2.Nb1c3 h6
3.g3 Nb8c6
4.e3 a6
5.Bf1g2 Ng8f6
6.e4 e5
7.exd5 Nc6b4
8.Qd1e2 Bc8f5
9.Qe2xe5 Bf8e7
10.Qe5xf5 O-O
11.Nc3a4 Rf8e8
12.Ng1f3 Nb4xc2
13.Qf5xc2 Be7b4
14.Kd1 Qd8xd5
15.Bc1f4 c5
16.Na4b6 Qd5d8
17.Nb6c4 cxd4
18.Nc4e5 Ra8c8
19.Ne5d3 Rc8xc2
20.Kxc2 Qd8c8
21.Kd1 Bb4e7
22.Ra1c1 Qc8f5
23.Nf3e1 Qf5b5
24.Kd2 Qb5a5
25.Ke2 Be7d6
26.Kf3 Qa5xa2
27.Bf4xd6 Qa2e6
28.Nd3f4 Qe6xd6
29.Ne1d3 Nf6e4
30.Rc1e1 Qd6c6
31.Nd3b4 Ne4d2
32.Kg4 Qc6d7
33.Kh5 Qd7f5
34.Kh4 Qf5f6
35.Kg4 Qf6g5
36.Kh3 Qg5f5
37.g4 Qf5xf4
38.Nb4d5 Qf4b8
39.Re1d1 Nd2c4
40.Rd1xd4 Nc4e5
41.f4 Ne5c6
42.b4 Nc6xd4
43.f5 Qb8d6
44.Rh1d1 Nd4c2
45.Rd1d2 Nc2e3
46.Nd5xe3 Qd6xb4
47.Ne3f1 Re8b8
48.Rd2d7 Qb4b3
49.Nf1g3 a5
50.Bg2d5 Qb3b5
51.Bd5xf7 Kh8
52.Rd7d6 Qb5b4
53.Rd6d5 a4
54.Kh4 Qb4b6
55.h3 Qb6f6
{ abandon }0-1

[Event "Eq:Avalon-LES CHATTERBOX :"]
[Site "www.echecsemail.com"]
[Date "2026.01.03"]
[Round "1"]
[White "Hberlioz"]
[Black "Neddy"]
[WhiteElo "1680"]
[BlackElo "1410"]
[Result "1-0"]
1.e4 e5
2.f4 d6
3.Nb1c3 exf4
4.Ng1f3 h6
5.d4 Ng8f6
6.Bf1d3 c5
7.dxc5 dxc5
8.Bc1xf4 Bc8e6
9.Bd3b5 Nf6d7
10.Qd1d2 a6
11.Bb5xd7 Nb8xd7
12.O-O-O Bf8e7
13.h3 O-O
14.g4 b5
15.Nc3d5 Be6xd5
16.Qd2xd5 Nd7b6
17.Qd5c6 Nb6d5
18.exd5 c4
19.Bf4xh6 gxh6
20.Qc6xh6 f6
21.Qh6g6 Kh8
22.h4 Rf8g8
23.Qg6f5 Qd8a5
24.Kb1 Ra8d8
25.d6 Be7xd6
26.Qf5xf6 Rg8g7
27.Rd1xd6 Rd8xd6
28.Qf6xd6 Rg7c7
29.Rh1f1 c3
30.Nf3d4 Rc7c8
31.Qd6f6 Kg8
32.Qf6e6 Kg7
33.Rf1f7 { abandon }1-0

[Event "Défi"]
[Site "www.echecsemail.com"]
[Date "2026.01.03"]
[Round "1"]
[White "Rocketman"]
[Black "Bassdark"]
[WhiteElo "2000"]
[BlackElo "2040"]
[Result "0-1"]
1.e4 d5
2.exd5 Ng8f6
3.c4 c6
4.dxc6 Nb8xc6
5.h3 e5
6.Ng1e2 Bf8c5
7.Ne2g3 O-O
8.Bf1e2 Qd8b6
9.O-O Nc6d4
10.Nb1c3 Bc8e6
11.d3 Ra8d8
12.Nc3a4 Qb6c6
13.Na4xc5 Qc6xc5
14.Bc1g5 Kh8
15.Bg5xf6 gxf6
16.Ng3e4 Qc5e7
17.Be2h5 Rf8g8
18.Kh2 f5
19.Ne4c3 Qe7c7
20.Nc3e2 e4
21.Kh1 Rg8g5
22.Ne2g3 f4
23.Ng3xe4 Rg5a5
24.Ne4c3 Qc7c6
25.Nc3e4 Be6xc4
26.Ne4g5 Ra5xg5
27.Rf1g1 Bc4d5
28.Qd1f1 Rg5xh5
29.Kh2 f3
30.g3 Nd4e2
31.Rg1h1 Qc6c2
{ abandon }0-1

[Event "Tournoi n27171"]
[Site "www.echecsemail.com"]
[Date "2026.01.03"]
[Round "1"]
[White "Avix59"]
[Black "Aramis"]
[WhiteElo "1499"]
[BlackElo "1570"]
[Result "1-0"]
1.d4 e6
2.Bc1f4 Bf8d6
3.e3 Bd6xf4
4.exf4 d5
5.Ng1e2 Ng8h6
6.c3 O-O
7.g3 a6
8.Nb1d2 Nh6g4
9.f3 Ng4e3
10.Qd1c1 Qd8f6
11.Nd2e4 dxe4
12.Qc1xe3 exf3
13.Qe3xf3 c6
14.Ra1d1 Nb8d7
15.Ne2c1 e5
16.dxe5 Nd7xe5
17.Qf3e3 Ne5c4
18.Bf1xc4 b5
19.Bc4e2 Bc8h3
20.Nc1d3 a5
21.Qe3e5 Qf6d8
22.Nd3f2 Bh3d7
23.Kd2 Bd7e6
24.Kc1 Qd8b6
25.Nf2e4 Be6d5
26.Be2f3 Qb6e3
27.Ne4d2 Qe3xe5
28.fxe5 Bd5xa2
29.Bf3xc6 Ra8b8
30.b3 a4
31.Kb2 axb3
32.Nd2xb3 Ba2xb3
33.Kxb3 g6
34.Kb4 Rb8b6
35.Bc6xb5 Rf8b8
36.c4 Kg7
37.Rd1d6 Rb6b7
38.Kc5 Rb8c8
39.Bb5c6 Rb7c7
40.Kd5 Rc7e7
41.Rh1e1 h6
42.Rd6d7 Re7e6
43.Rd7d6 Re6e7
44.Bc6b5 h5
45.c5 Re7c7
46.c6 Rc8e8
47.Rd6d7 Rc7a7
48.Rd7xa7 Re8b8
49.Kc5 { abandon }1-0

[Event "Défi( 10J+24H/c 10J Max )"]
[Site "www.echecsemail.com"]
[Date "2026.01.03"]
[Round "1"]
[White "Cavalierfou"]
[Black "Pascalou50"]
[WhiteElo "1830"]
[BlackElo "1770"]
[Result "0-1"]
1.e4 e5
2.Ng1f3 Nb8c6
3.Bf1b5 a6
4.Bb5xc6 dxc6
5.h3 Qd8d6
6.O-O Bc8e6
7.Rf1e1 O-O-O
8.d3 Bf8e7
9.Bc1g5 Be7xg5
10.Nf3xg5 f6
11.Ng5f3 Ng8e7
12.Nb1c3 Ne7g6
13.Nc3e2 Qd6d7
14.Kh2 f5
15.Ne2g3 fxe4
16.Ng3xe4 Qd7e7
17.d4 Be6d5
18.c3 Bd5xe4
19.Re1xe4 Qe7d6
20.g3 exd4
21.Qd1xd4 Qd6xd4
22.Nf3xd4 Rh8f8
23.Kg2 Rf8f6
24.Nd4e6 Rd8d2
25.b3 Rf6xf2
26.Kg1 Rf2g2
27.Kf1 Rg2xg3
28.Ne6f4 Ng6xf4
29.Re4xf4 Rg3xh3
30.Rf4f8 Rd2d8
31.Rf8xd8 Kxd8
32.Ra1d1 Ke7
33.Rd1e1 Kf6
34.c4 Rh3h1
35.Ke2 Rh1xe1
{ abandon }0-1

[Event "Défi( 20J+48H/c 20J Max )"]
[Site "www.echecsemail.com"]
[Date "2026.01.03"]
[Round "1"]
[White "Linette21"]
[Black "Zadkine1"]
[WhiteElo "999"]
[BlackElo "1820"]
[Result "0-1"]
1.d4 d5
2.e3 c6
3.Bf1d3 Ng8f6
4.Ng1f3 Qd8d6
5.O-O g6
6.b4 Bf8h6
7.Bc1d2 O-O
8.c3 Bc8g4
9.Nf3h4 Bg4c8
10.Qd1c2 Nf6g4
11.h3 Qd6h2
0-1

[Event "Défi"]
[Site "www.echecsemail.com"]
[Date "2026.01.03"]
[Round "1"]
[White "Rocketman"]
[Black "Sarkus"]
[WhiteElo "2000"]
[BlackElo "2010"]
[Result "0-1"]
1.d4 d5
2.c4 e6
3.Nb1c3 Bf8b4
4.Qd1a4 Nb8c6
5.a3 Bb4xc3
6.bxc3 Bc8d7
7.Qa4c2 dxc4
8.e4 b5
9.g3 Nc6a5
10.Bc1e3 Ng8f6
11.Ng1e2 Na5b3
12.Ra1a2 Nf6g4
13.Be3f4 e5
14.dxe5 g5
15.h3 Ng4xf2
16.Kxf2 gxf4
17.Ne2xf4 Qd8g5
18.Nf4d3 cxd3
19.Qc2xb3 Rh8g8
20.Rh1g1 Qg5xe5
21.Bf1xd3 Qe5c5
22.Kg2 Bd7xh3
23.Kh2 Rg8g5
24.Rg1b1 Bh3e6
25.Bd3xb5 c6
26.Qb3b4 cxb5
27.Qb4xc5 Rg5xc5
28.Ra2c2 Ra8c8
29.Kg2 Be6c4
30.Rc2d2 Rc8d8
31.Rb1d1 Rd8xd2
32.Rd1xd2 Bc4e6
33.Kf3 Rc5xc3
{ abandon }0-1

[Event "Défi"]
[Site "www.echecsemail.com"]
[Date "2026.01.03"]
[Round "1"]
[White "Calcedoine"]
[Black "Vvvv"]
[WhiteElo "1800"]
[BlackElo "1780"]
[Result "1-0"]
1.c3 e5
2.e4 Nb8c6
3.g3 d5
4.Bf1g2 Ng8f6
5.d3 g6
6.Qd1b3 dxe4
7.dxe4 Bf8g7
8.Ng1e2 O-O
9.Nb1d2 Qd8d3
10.f4 Qd3a6
11.Qb3c2 Bc8g4
12.Nd2f3 Nf6d7
13.h3 Bg4xf3
14.Bg2xf3 exf4
15.Bc1xf4 Nd7e5
16.O-O Rf8e8
17.b3 Ra8d8
18.Bf3g2 Rd8d3
19.Ra1d1 Qa6b6
20.Kh2 Re8d8
21.Ne2d4 Rd3xd1
22.Rf1xd1 Nc6xd4
23.cxd4 Rd8xd4
24.Rd1f1 Ne5c6
25.Bf4e3 Nc6b4
26.Qc2f2 { abandon }1-0

[Event "Memorial Lara CIII"]
[Site "www.echecsemail.com"]
[Date "2026.01.03"]
[Round "1"]
[White "Alain64"]
[Black "Intrigue"]
[WhiteElo "2120"]
[BlackElo "1760"]
[Result "1-0"]
1.c4 e5
2.Nb1c3 Ng8f6
3.d3 d5
4.cxd5 Nf6xd5
5.Ng1f3 Nb8c6
6.g3 Bc8e6
7.Bf1g2 Bf8e7
8.O-O O-O
9.a3 h6
10.Nc3xd5 Be6xd5
11.b4 a6
12.Bc1b2 Be7f6
13.Qd1c2 Rf8e8
14.Nf3d2 Bd5xg2
15.Kxg2 Ra8c8
16.Nd2e4 Bf6e7
17.Rf1d1 Nc6d4
18.Bb2xd4 Qd8xd4
19.Ra1c1 f5
20.Ne4c5 Be7xc5
21.Qc2xc5 b6
22.Qc5c4 Qd4xc4
23.Rc1xc4 c5
24.Rd1c1 e4
25.bxc5 bxc5
26.Rc4xc5 Rc8xc5
27.Rc1xc5 Re8f8
28.d4 Rf8f6
29.e3 Kf7
30.f3 exf3
31.Kxf3 Rf6b6
32.Rc5xf5 Ke6
33.Rf5a5 g5
34.h4 gxh4
35.gxh4 Kf6
36.Kf4 Ke6
37.Ra5h5 Kf7
38.e4 Ke7
39.Rh5c5 Kd7
40.e5 Ke7
41.Kf5 Rb6b3
42.Rc5a5 Rb3f3
43.Ke4 Rf3h3
44.Ra5xa6 Rh3xh4
45.Kd5 h5
46.Ra6a7 Kd8
47.e6 Rh4g4
48.Ke5 h4
49.d5 Rg4g5
50.Kd6 { abandon }1-0

[Event "Défi"]
[Site "www.echecsemail.com"]
[Date "2026.01.03"]
[Round "1"]
[White "Tiounet"]
[Black "Wiyouk"]
[WhiteElo "1670"]
[BlackElo "1820"]
[Result "1/2-1/2"]
1.a3 Ng8f6
2.b4 d5
3.Bc1b2 e6
4.g3 g6
5.Bf1g2 Bf8g7
6.e3 b6
7.Ng1e2 Nb8c6
8.O-O Bc8b7
9.d3 O-O
10.Nb1d2 Qd8d6
11.Qd1c1 b5
12.c4 bxc4
13.dxc4 dxc4
14.Nd2xc4 Qd6e7
15.b5 Nc6d8
16.Bg2xb7 Nd8xb7
17.a4 Rf8d8
18.Nc4e5 Nb7a5
19.Ne2d4 Qe7d6
20.Nd4c6 Na5xc6
21.Ne5xc6 Rd8d7
22.Qc1c2 Qd6d2
23.Qc2xd2 Rd7xd2
24.Bb2d4 a6
25.bxa6 Ra8xa6
26.Nc6b4 Ra6a5
27.Nb4c6 Ra5a6
28.Nc6b4 Ra6a5
29.Rf1c1 Nf6d5
30.Nb4xd5 Bg7xd4
31.Nd5e7 Kf8
32.exd4 Kxe7
33.Rc1xc7 Kf8
34.Rc7c4 Ke7
35.Ra1b1 Kd6
36.Rb1b7 f5
37.Rb7xh7 Kd5
38.Rh7c7 Rd2xd4
39.Rc4xd4 Kxd4
40.Rc7g7 Ra5xa4
41.Rg7xg6 Ke4
42.Rg6xe6 Kf3
43.Re6e3 Kg4
44.Kg2 f4
45.Re3f3 fxg3
46.hxg3 Ra4a1
47.Rf3f4 Kg5
48.Rf4h4 Ra1a2
49.Rh4f4 Ra2a1
50.Kh2 Ra1b1
51.Rf4h4 Rb1b2
52.Kg2 Rb2a2
53.Rh4b4 Ra2c2
54.Rb4e4 Rc2a2
55.Kf3 Ra2a3
56.Re4e3 Ra3a4
57.Re3e4 Ra4a3
58.Re4e3 Ra3a4
59.Kg2 Ra4a2
60.Re3e4 Ra2b2
61.g4 Rb2a2
62.Kg3 Ra2a1
63.Re4e5 Kg6
64.Kf4 Ra1a6
65.Re5h5 Ra6a4
66.Kg3 Ra4a3
67.Kh4 Ra3a1
68.Kg3 Ra1a3
69.f3 Ra3b3
70.Rh5f5 Rb3a3
71.Kh4 Ra3a1
72.Kg3 Ra1a3
73.Rf5e5 Ra3b3
74.Kf4 Rb3b4
75.Re5e4 Rb4b6
76.g5 Rb6b5
77.Kg4 Rb5xg5
78.Kh4 Rg5h5
79.Kg4 Rh5g5
80.Kf4 Rg5f5
81.Kg4 Rf5g5
82.Kf4 Rg5f5
83.Kg4 { nul }1/2-1/2

[Event "Défi"]
[Site "www.echecsemail.com"]
[Date "2026.01.03"]
[Round "1"]
[White "Jlr"]
[Black "Sergesee"]
[WhiteElo "1420"]
[BlackElo "1440"]
[Result "1-0"]
1.e4 Nb8c6
2.Ng1f3 f6
3.d4 e6
4.Bf1c4 Nc6a5
5.Bc4d3 d6
6.Bd3b5 c6
7.Bb5a4 b5
8.Nb1c3 bxa4
9.b4 Na5c4
10.Qd1e2 Bc8a6
11.Nc3xa4 Qd8c8
12.Nf3h4 Nc4b2
13.Qe2h5 Ke7
14.Bc1xb2 Qc8b7
15.Bb2c3 Kd7
16.Qh5f7 Ng8e7
17.e5 dxe5
18.Na4c5 Kc7
19.Nc5xe6 Kb6
20.Ne6c5 Qb7c7
21.Nc5xa6 Kxa6
22.Qf7c4 Kb7
23.a4 Kc8
24.Qc4a6 Kd7
25.Qa6e2 Ra8e8
26.Qe2g4 f5
27.Nh4xf5 exd4
28.Qg4xd4 Kc8
29.Nf5d6 Kb8
30.Nd6xe8 Qc7c8
31.Qd4e5 Kb7
32.Ne8d6 Kb6
33.Nd6xc8 Ne7xc8
34.Qe5b8 Ka6
35.Qb8xc8 Kb6
36.Bc3d4 c5
37.a5 Kb5
38.bxc5 Kc4
39.Qc8e6 Kxd4
40.Qe6e3 Kc4
41.Ra1a4 Kd5
42.Qe3e4 Kxc5
43.Ra4c4 Kb5
44.Qe4d5 Ka6
45.Qd5c6 Kxa5
46.Rc4a4 1-0

[Event "Tournoi n27337"]
[Site "www.echecsemail.com"]
[Date "2026.01.03"]
[Round "1"]
[White "Smaug"]
[Black "Jlr"]
[WhiteElo "1400"]
[BlackElo "1380"]
[Result "1-0"]
1.d4 d5
2.Nb1c3 Nb8c6
3.Bc1f4 Ng8f6
4.Ng1f3 h6
5.e3 g5
6.Bf4g3 g4
7.Nf3e5 Nc6a5
8.Bf1d3 e6
9.a3 c5
10.b4 cxb4
11.Nc3e2 Qd8c7
12.Ne5g6 Bf8d6
13.f4 fxg6
14.Bd3xg6 Kd8
15.a4 Rh8g8
16.Bg6d3 Qc7b6
17.O-O h5
18.Bg3h4 Bd6e7
19.Ra1b1 Bc8d7
20.c3 b3
21.Bd3b5 a6
22.Bb5xd7 Kxd7
23.f5 Na5c4
24.Qd1xb3 Qb6xb3
25.Rb1xb3 Nc4xe3
26.Rb3xb7 Kd6
27.Bh4g3 Kc6
28.Rb7c7 Kb6
29.Rf1b1 Ka5
30.Rc7xe7 Ne3xf5
31.Bg3c7 Kxa4
32.Rb1b4 Ka3
33.Re7xe6 Nf6e4
34.Re6b6 Ne4xc3
35.Ne2xc3 Ra8a7
36.Nc3b1 Ka2
37.Rb4a4 1-0

[Event "Défi( 10J+24H/c 10J Max )"]
[Site "www.echecsemail.com"]
[Date "2026.01.03"]
[Round "1"]
[White "Vb83"]
[Black "Kiki"]
[WhiteElo "1440"]
[BlackElo "2400"]
[Result "0-1"]
1.e4 e5
2.Ng1f3 Nb8c6
3.c3 Ng8f6
4.d3 d5
5.Nb1d2 Bf8c5
6.b4 Bc5d6
7.exd5 Nf6xd5
8.Nd2c4 Nd5xc3
9.Nc4xd6 Qd8xd6
10.Qd1b3 Qd6xb4
11.Qb3c2 Nc3e4
12.Nf3d2 Nc6d4
13.Qc2xc7 Ne4c3
14.Qc7xe5 Bc8e6
15.Qe5xg7 Nd4c2
0-1

[Event "Défi( 10J+24H/c 10J Max )"]
[Site "www.echecsemail.com"]
[Date "2026.01.03"]
[Round "1"]
[White "Pascalou50"]
[Black "Djayphil"]
[WhiteElo "1780"]
[BlackElo "2050"]
[Result "1-0"]
1.e4 e5
2.Ng1f3 Ng8f6
3.Nf3xe5 d6
4.Ne5f3 Nf6xe4
5.d4 d5
6.Bf1d3 Bf8d6
7.Nb1d2 Ne4xd2
8.Bc1xd2 O-O
9.O-O Bc8g4
10.h3 Bg4h5
11.c4 dxc4
12.Bd3xc4 Nb8c6
13.Bd2c3 Qd8f6
14.Bc4d5 Qf6f4
15.Rf1e1 Bh5xf3
16.Qd1xf3 Qf4h2
17.Kf1 Qh2h1
18.Ke2 Ra8e8
19.Kd2 Re8xe1
20.Ra1xe1 Qh1h2
21.Bd5xc6 bxc6
22.Kc2 Qh2f4
23.Qf3xf4 Bd6xf4
24.Bc3b4 Rf8c8
25.Re1e4 Bf4g5
26.f4 Bg5f6
27.g4 h6
28.Kd3 a6
29.Bb4e7 Bf6xe7
30.Re4xe7 Kf8
31.Re7e4 Rc8d8
32.Kc4 Rd8d6
33.b4 f6
34.f5 Kf7
35.a4 g6
36.fxg6 Kxg6
37.h4 f5
38.Re4f4 fxg4
39.Rf4xg4 Kh5
40.Rg4g7 Kxh4
41.Rg7xc7 Kg4
42.Rc7a7 Kf4
43.Ra7xa6 Ke4
44.Kc5 Rd6xd4
45.Ra6xc6 h5
46.a5 h4
47.a6 h3
48.a7 h2
49.a8Q Rd4d5
50.Kb6 h1Q
51.Rc6c5 Qh1h6
52.Kb5 Qh6h5
53.Qa8xd5 Qh5xd5
54.Rc5xd5 Kxd5
55.Ka6 { abandon }1-0

[Event "Défi"]
[Site "www.echecsemail.com"]
[Date "2026.01.03"]
[Round "1"]
[White "Rocketman"]
[Black "Bournivergne"]
[WhiteElo "2000"]
[BlackElo "2300"]
[Result "0-1"]
1.d4 g6
2.c4 Bf8g7
3.Nb1c3 d6
4.g3 Nb8d7
5.Bf1g2 e5
6.d5 Ng8e7
7.e4 O-O
8.Bc1e3 f5
9.f4 exf4
10.Be3xf4 Nd7e5
11.Qd1e2 fxe4
12.h3 Ne5d3
13.Kf1 Nd3xf4
14.gxf4 Rf8xf4
15.Ke1 Ne7f5
16.Nc3xe4 Qd8h4
17.Kd1 Nf5d4
18.Qe2e3 Bc8f5
19.Ne4g3 Nd4c2
20.Qe3b3 Rf4d4
21.Kc1 Bg7h6
{ abandon }0-1

[Event "TRISTAN DA CUNHA"]
[Site "www.echecsemail.com"]
[Date "2026.01.03"]
[Round "1"]
[White "Orosco"]
[Black "Intrigue"]
[WhiteElo "2270"]
[BlackElo "1750"]
[Result "1-0"]
1.e4 e5
2.Ng1f3 Nb8c6
3.Nb1c3 Ng8f6
4.Bf1c4 Bf8c5
5.d3 O-O
6.Bc1g5 h6
7.Bg5e3 Bc5xe3
8.fxe3 d6
9.O-O Bc8g4
10.h3 Bg4h5
11.g4 Bh5g6
12.a3 a6
13.Nf3h4 Bg6h7
14.Qd1f3 b5
15.Bc4a2 b4
16.axb4 Nc6xb4
17.Qf3f2 Ra8b8
18.Ba2c4 Rb8a8
19.Kg2 d5
20.exd5 Nb4xd5
21.Nc3xd5 Nf6xd5
22.Ra1xa6 Ra8xa6
23.Bc4xa6 Qd8d6
24.Ba6c4 Nd5f6
25.Nh4f5 Bh7xf5
26.Qf2xf5 c6
27.Qf5g6 Qd6e7
28.Bc4b3 Nf6d5
29.Bb3xd5 cxd5
30.Qg6c6 Rf8d8
31.Rf1a1 d4
32.e4 Qe7g5
33.Ra1f1 h5
34.Rf1f5 Qg5d2
35.Rf5f2 Qd2g5
36.Qc6c7 Rd8f8
37.Qc7d7 hxg4
38.Qd7xg4 Qg5c1
39.b3 Qc1h6
40.Qg4f5 Qh6d6
41.Kh2 Qd6c5
42.Qf5g5 f6
43.Qg5g6 Qc5c6
44.Rf2g2 Rf8f7
45.Qg6h5 Qc6c8
46.Qh5g6 f5
47.exf5 Qc8xf5
48.Qg6g3 Kf8
49.b4 Qf5e6
50.Rg2e2 Rf7f5
51.Re2f2 g6
52.b5 Kf7
53.Rf2xf5 gxf5
54.Qg3f3 f4
55.Qf3b7 Ke8
56.Qb7c6 Qe6xc6
57.bxc6 Kd8
58.h4 Kc7
59.h5 { abandon }1-0

[Event "TRISTAN DA CUNHA"]
[Site "www.echecsemail.com"]
[Date "2026.01.03"]
[Round "1"]
[White "Intrigue"]
[Black "Petitlulu64"]
[WhiteElo "1750"]
[BlackElo "1750"]
[Result "0-1"]
1.e4 e5
2.Ng1f3 Nb8c6
3.Nb1c3 Ng8f6
4.Bf1c4 Bf8d6
5.O-O O-O
6.Rf1e1 a6
7.a3 b5
8.Bc4d5 Bc8b7
9.d3 Ra8b8
10.b4 Nc6e7
11.Bd5xb7 Rb8xb7
12.h3 Ne7g6
13.Bc1g5 Bd6e7
14.Bg5xf6 Be7xf6
15.Nc3d5 c6
16.Nd5xf6 Qd8xf6
17.c4 Ng6f4
18.cxb5 Qf6g6
19.Nf3h4 Qg6g5
20.g3 Nf4e6
21.Nh4f5 Ne6d4
22.Nf5xd4 exd4
23.bxa6 Rb7a7
24.Kg2 Ra7xa6
25.h4 Qg5e5
26.Re1e2 c5
27.bxc5 Rf8a8
28.Qd1b3 Qe5xc5
29.a4 d6
30.Re2c2 Qc5e5
31.Rc2c4 h6
32.Qb3b7 Ra6a7
33.Qb7b6 d5
34.Rc4xd4 Ra7a6
35.Qb6b3 Qe5xd4
36.exd5 Qd4xa1
{ abandon }0-1

[Event "Coupe Niveau 1"]
[Site "www.echecsemail.com"]
[Date "2026.01.03"]
[Round "1"]
[White "Katastrofic"]
[Black "Jlr"]
[WhiteElo "1450"]
[BlackElo "1410"]
[Result "1-0"]
1.e4 e5
2.Bf1c4 Ng8f6
3.d3 c5
4.h3 Qd8a5
5.Bc1d2 Qa5b6
6.Bd2c3 d6
7.Ng1f3 Nb8c6
8.O-O h6
9.a3 g5
10.b4 g4
11.Nf3h2 gxh3
12.g3 cxb4
13.axb4 Bc8g4
14.Nh2xg4 Nf6xg4
15.b5 Nc6e7
16.Qd1xg4 Ne7g6
17.Qg4f5 Qb6c7
18.Nb1d2 Rh8h7
19.Qf5xh3 b6
20.f4 Qc7c5
21.Kh1 exf4
22.gxf4 Bf8e7
23.f5 Ng6e5
24.Bc3xe5 Qc5xe5
25.Nd2f3 Qe5c3
26.Bc4b3 Be7f6
27.Rf1f2 Qc3xa1
28.Rf2f1 Qa1c3
29.Qh3g2 Rh7g7
30.Qg2d2 Qc3c5
31.d4 Qc5xb5
32.Rf1g1 Kd7
33.e5 Bf6d8
34.e6 fxe6
35.Rg1xg7 Kc8
36.Bb3xe6 Kb8
37.Rg7g8 Qb5f1
38.Kh2 Kc7
39.Qd2c3 Kb7
40.Be6d5 Ka6
41.Bd5c4 Qf1xc4
42.Qc3xc4 b5
43.Qc4c6 Ka5
44.Qc6xd6 Ra8c8
45.Rg8xd8 Rc8xc2
46.Kg3 Ka4
47.Qd6a6 Kb4
48.Rd8c8 Rc2c3
49.Rc8xc3 Kxc3
50.d5 h5
51.f6 Kb4
52.f7 Kc5
53.d6 Kb4
54.d7 { abandon }1-0

[Event "Défi"]
[Site "www.echecsemail.com"]
[Date "2026.01.03"]
[Round "1"]
[White "Roschecx"]
[Black "Khamis"]
[WhiteElo "1650"]
[BlackElo "1890"]
[Result "0-1"]
1.e4 c5
2.Ng1f3 d5
3.exd5 Qd8xd5
4.Nb1c3 Qd5d8
5.Bf1e2 Nb8c6
6.h3 Ng8f6
7.O-O Bc8f5
8.d3 h6
9.Rf1e1 e6
10.Bc1e3 Bf8e7
11.Nf3h2 O-O
12.Nh2g4 Nf6xg4
13.hxg4 Bf5g6
14.f3 b6
15.g3 a6
16.Be3d2 Qd8c7
17.Bd2f4 Be7d6
18.Bf4xd6 Qc7xd6
19.Kg2 b5
20.Nc3e4 Bg6xe4
21.dxe4 Ra8d8
22.f4 Qd6e7
23.Qd1c1 Qe7b7
24.Be2f3 e5
25.f5 c4
26.c3 Qb7b6
27.b4 Rd8d3
28.a4 Rf8d8
29.a5 Qb6a7
30.Bf3e2 Rd3d2
31.Kf3 Kh8
32.Re1d1 Rd2xd1
33.Be2xd1 Qa7g1
34.Bd1e2 Qg1a7
35.Qc1h1 Kg8
36.Ra1d1 Qa7e7
37.Rd1xd8 Qe7xd8
38.Qh1h4 Qd8d2
39.f6 Qd2xc3
40.Kg2 Qc3d2
41.Kf1 Nc6d4
42.Qh4h2 Qd2xb4
43.fxg7 Kxg7
44.Qh2f2 Qb4xa5
45.Qf2e3 Qa5a1
46.Kf2 Nd4xe2
47.Qe3xe2 Qa1d4
48.Ke1 c3
49.Kf1 b4
50.Qe2c2 Qd4c4
51.Kf2 b3
52.Qc2c1 Qc4d3
53.Kg2 Qd3c2
{ abandon }0-1